European Cities Immigration by Country - Statistics

General Stats
  • This quiz has been taken 1,253 times
    673 since last reset
  • The average score is 27 of 36
Answer Stats
City Country % Correct
London, Stockholm, Warsaw Flag_of_India.svg India
98%
London Flag_of_Pakistan.svg Pakistan
94%
Berlin, Vienna, Amsterdam Flag_of_Turkey.svg Turkey
94%
Berlin, Warsaw Flag_of_Russia.svg Russia
94%
Paris, Amsterdam Flag_of_Morocco.svg Morocco
93%
Paris Flag_of_Algeria.svg Algeria
92%
Berlin Flag_of_Syria_%282025-%29.svg Syria
90%
Lisbon Flag_of_Brazil.svg Brazil
90%
Berlin, Warsaw Flag_of_Ukraine.svg Ukraine
89%
Paris, Milan Flag_of_the_People%27s_Republic_of_China.svg China
88%
London, Berlin, Stockholm, Vienna Flag_of_Poland.svg Poland
87%
Stockholm Flag_of_Iraq.svg Iraq
85%
Lisbon Flag_of_France.svg France
84%
Stockholm Flag_of_Iran_%28official%29.svg Iran
83%
London, Lisbon Flag_of_Bangladesh.svg Bangladesh
83%
Vienna, Amsterdam Flag_of_Germany.svg Germany
82%
Madrid Flag_of_Colombia.svg Colombia
80%
London Flag_of_Romania.svg Romania
80%
Paris Flag_of_Tunisia.svg Tunisia
79%
Milan Flag_of_Egypt.svg Egypt
79%
Lisbon Flag_of_Italy.svg Italy
78%
Paris Flag_of_Portugal_%28official%29.svg Portugal
77%
Madrid Flag_of_Venezuela.svg Venezuela
75%
Amsterdam Flag_of_Indonesia.svg Indonesia
72%
Milan, Madrid Flag_of_Peru.svg Peru
71%
Vienna Flag_of_Serbia.svg Serbia
71%
Warsaw Flag_of_Vietnam.svg Vietnam
66%
Warsaw Flag_of_Belarus.svg Belarus
66%
Milan Flag_of_the_Philippines.svg Philippines
57%
Madrid Flag_of_Ecuador.svg Ecuador
56%
Stockholm Flag_of_Finland.svg Finland
53%
Vienna Flag_of_Bosnia_and_Herzegovina.svg Bosnia and Herzegovina
51%
Madrid Civil_Ensign_of_the_Dominican_Republic.svg Dominican Republic
48%
Amsterdam Flag_of_Suriname.svg Suriname
42%
Milan Flag_of_Sri_Lanka.svg Sri Lanka
31%
Lisbon Flag_of_Nepal.svg Nepal
25%
No matching quizzes found
Score Distribution
Percent of People with Each Score
Percentile by Number Answered
Your Score History
You have not taken this quiz since the last reset